System of rice intensification adoption and adaptation improvement intramkok district, takeo province,(ការវិវត្តនៃការទទួលយកបច្ចេកទេសប្រពន្ធ័ប្រពលវប្បកម្មដំណាំស្រូវតាមគោលការណ៍ធម្មជាតិរបស់កសិករ ស្រុកត្រាំកក់ ខេត្តតាកែវ) (Record no. 1084)
[ view plain ]
| 000 -LEADER | |
|---|---|
| fixed length control field | 00805nam a22001577a 4500 |
| 003 - CONTROL NUMBER IDENTIFIER | |
| control field | OSt |
| 005 - DATE AND TIME OF LATEST TRANSACTION | |
| control field | 20150922155248.0 |
| 008 - FIXED-LENGTH DATA ELEMENTS--GENERAL INFORMATION | |
| fixed length control field | 150922b xxu||||| |||| 00| 0 eng d |
| 040 ## - CATALOGING SOURCE | |
| Transcribing agency | RUA |
| 082 ## - DEWEY DECIMAL CLASSIFICATION NUMBER | |
| Classification number | AGR POK 2010 B047 Or.1 |
| 100 ## - MAIN ENTRY--PERSONAL NAME | |
| 9 (RLIN) | 1132 |
| Personal name | POK PANHA |
| 245 ## - TITLE STATEMENT | |
| Title | System of rice intensification adoption and adaptation improvement intramkok district, takeo province,(ការវិវត្តនៃការទទួលយកបច្ចេកទេសប្រពន្ធ័ប្រពលវប្បកម្មដំណាំស្រូវតាមគោលការណ៍ធម្មជាតិរបស់កសិករ ស្រុកត្រាំកក់ ខេត្តតាកែវ) |
| 260 ## - PUBLICATION, DISTRIBUTION, ETC. (IMPRINT) | |
| Place of publication, distribution, etc. | Phnom Penh |
| Name of publisher, distributor, etc. | RUA |
| Date of publication, distribution, etc. | 2010 |
| 300 ## - PHYSICAL DESCRIPTION | |
| Extent | xvi,86p. |
| Other physical details | ill. |
| Dimensions | 29cm. |
| 942 ## - ADDED ENTRY ELEMENTS (KOHA) | |
| Source of classification or shelving scheme | |
| Koha item type | AGR |
| Price effective from | Date last seen | Permanent Location | Not for loan | Date acquired | Source of classification or shelving scheme | Koha item type | Lost status | Withdrawn status | Date last checked out | Total Checkouts | Shelving location | Damaged status | Barcode | Current Location | Full call number |
|---|---|---|---|---|---|---|---|---|---|---|---|---|---|---|---|
| 2015-09-22 | 2016-04-19 | Library Block B | 2015-09-22 | AGR | 2016-03-15 | 1 | B047 | RUA006786 | Library Block B | AGR POK 2010 B047 Or.1 | |||||
| 2015-09-22 | 2015-09-22 | Library Block B | 2015-09-22 | AGR | B047 | RUA006642 | Library Block B | AGR POK 2010 B047 Or.2 | |||||||
| 2015-09-22 | 2015-09-22 | Library Block B | 2015-09-22 | AGR | B047 | RUA006360 | Library Block B | AGR POK 2010 B047 Or.3 | |||||||
| 2015-09-25 | 2015-09-25 | Library Block B | 2015-09-25 | AGR | B047 | RUA006155 | Library Block B | AGR POK 2010 B047 Or.4 | |||||||
| 2015-09-25 | 2015-09-25 | Library Block B | 2015-09-25 | AGR | B047 | RUA006401 | Library Block B | AGR POK 2010 B047 Or.5 |